• AIU
  • Tony Wilmot Memorial Library

Kibaro Diman / (Record no. 17381)

MARC details
000 -LEADER
fixed length control field 00853nam a22002411a 4500
005 - DATE AND TIME OF LATEST TRANSACTION
control field 20110718123616.0
008 - FIXED-LENGTH DATA ELEMENTS--GENERAL INFORMATION
fixed length control field 090715s1994 001 0 eng d
020 ## - INTERNATIONAL STANDARD BOOK NUMBER
Terms of availability 0.00
040 ## - CATALOGING SOURCE
Original cataloging agency NEGST Library - Kenya
082 0# - DEWEY DECIMAL CLASSIFICATION NUMBER
Classification number BS 325.D56 1994
100 1# - MAIN ENTRY--PERSONAL NAME
Personal name Association Ivoirienne pour la Traduction de la Bible.
245 10 - TITLE STATEMENT
Title Kibaro Diman /
Statement of responsibility, etc Societe Biblique Internationale.
250 ## - EDITION STATEMENT
Edition statement Premiere ed.
260 ## - PUBLICATION, DISTRIBUTION, ETC. (IMPRINT)
Name of publisher, distributor, etc Societe Biblique Internationale,
Date of publication, distribution, etc 1994.
300 ## - PHYSICAL DESCRIPTION
Extent 626 p. : ill.
500 ## - GENERAL NOTE
General note "Le Nouveau Testament en Dioula de Cote d'Ivoire." - T.p. verso. [Africana]
600 10 - SUBJECT ADDED ENTRY--PERSONAL NAME
Personal name Bible. N.T. Dioula. 1994.
600 10 - SUBJECT ADDED ENTRY--PERSONAL NAME
Personal name Dioula language - Bible.
600 10 - SUBJECT ADDED ENTRY--PERSONAL NAME
Personal name Dioula language - Texts.
600 10 - SUBJECT ADDED ENTRY--PERSONAL NAME
Personal name New Testament
General subdivision Dioula.
852 ## - LOCATION/CALL NUMBER
-- 12.00
852 ## - LOCATION/CALL NUMBER
-- 50.00
Holdings
Withdrawn status Lost status Source of classification or shelving scheme Damaged status Not for loan Collection code Home library Current library Shelving location Date acquired Cost, normal purchase price Full call number Barcode Date last seen Copy number Price effective from Koha item type
    Library of Congress Classification     General Circulation AIU/NEGST - Tony Wilmot Memorial Library AIU/NEGST - Tony Wilmot Memorial Library General Stacks 08/21/2009 12.00 BS 325.D56 1998 R49044A3232 09/26/2019 1 08/21/2009 Africana collection (General)